The £1bn burden of bust Britain (Record no. 84365)

MARC details
000 -LEADER
fixed length control field 01120cab a22002175a 4500
001 - CONTROL NUMBER
control field L157403
008 - FIXED-LENGTH DATA ELEMENTS--GENERAL INFORMATION
fixed length control field 121123e2012 xxk 000 0 eng d
035 ## - SYSTEM CONTROL NUMBER
System control number (Sirsi) u157403
041 0# - LANGUAGE CODE
Language code of text/sound track or separate title eng
100 1# - MAIN ENTRY--PERSONAL NAME
Personal name Hunter, Rachel
245 04 - TITLE STATEMENT
Title The £1bn burden of bust Britain
260 ## - PUBLICATION, DISTRIBUTION, ETC.
Date of publication, distribution, etc. 2012
490 #0 - SERIES STATEMENT
Series statement Property Week
Volume/sequential designation 78(45) 9 November 2012, 39-40(2)
520 ## - SUMMARY, ETC.
Summary, etc. Landlords and councils are being crushed by a burden of nearly £1bn losses caused by a raft of "scandalous" retailer prepacks and company voluntary arrangements (CVAs). 2012 is heading towards being the worst year for retail administrations since 2008 with 50 retail and leisure operators going bust to date. Under the impact of these retail administrations and CVAs retail property values have declined by more than 30% since 2007, dipping by 5% in the last year. Most landlords have tried to support retailers by offering monthly rents or shorter, more flexible leases.
590 ## - LOCAL NOTE (RLIN)
Local note KA
650 24 - SUBJECT ADDED ENTRY--TOPICAL TERM
Topical term or geographic name entry element ENTERPRISE ACT 2002
650 24 - SUBJECT ADDED ENTRY--TOPICAL TERM
Topical term or geographic name entry element INSOLVENCY ACT 1986
651 #4 - SUBJECT ADDED ENTRY--GEOGRAPHIC NAME
Geographic name United Kingdom
690 ## - LOCAL SUBJECT ADDED ENTRY--TOPICAL TERM (OCLC, RLIN)
Topical term or geographic name as entry element Commercial property
9 (RLIN) 6227
942 ## - ADDED ENTRY ELEMENTS (KOHA)
Suppress in OPAC 0
Holdings
Withdrawn status Lost status Source of classification or shelving scheme Damaged status Not for loan Home library Current library Shelving location Date acquired Total Checkouts Full call number Barcode Date last seen Copy number Price effective from Koha item type
    Dewey Decimal Classification     London London Journal article 23/11/2012   L157403 157403-1001 06/08/2019 1 06/08/2019 Journal article